Which Country is More Populated? - Statistics

General Stats
  • This quiz has been taken 87 times
  • The average score is 5 of 10
Answer Stats
Question Answer % Correct
Which is more populated? Belgium
80%
Which is more populated? Thailand
80%
Which is more populated? Bolivia
60%
Which is more populated? Finland
60%
Which is more populated? Nicaragua
60%
Which is more populated? Turkmenistan
60%
Which is more populated? Algeria
40%
Which is more populated? Costa Rica
40%
Which is more populated? North Korea
20%
Which is more populated? Uzbekistan
20%
No matching quizzes found
Score Distribution
Percent of People with Each Score
Percentile by Number Answered
Your Score History
You have not taken this quiz